| 000 | 00343nam a2200121Ia 4500 | ||
|---|---|---|---|
| 008 | 230907s9999||||xx |||||||||||||| ||und|| | ||
| 082 |
_a621.395 _bBRO |
||
| 100 |
_aBrown, Stephen D. _92934 |
||
| 245 | 0 | _aFundamentals of digital logic with VHDL design / | |
| 260 |
_aMcGraw-Hill, _bNew York, NY : _c2009 |
||
| 300 | _axx, 939 p. : | ||
| 942 | _cBK | ||
| 999 |
_c598875 _d598875 |
||